Fliscornio alto (Registro nro. 12286)

000 -CABECERA
campo de control de longitud fija 00460nrc a22001817a 4500
003 - IDENTIFICADOR DEL NÚMERO DE CONTROL
campo de control OSt
005 - FECHA Y HORA DE LA ÚLTIMA TRANSACCIÓN
campo de control 20200519101050.0
008 - DATOS DE LONGITUD FIJA--INFORMACIÓN GENERAL
campo de control de longitud fija 200519b ||||| |||| 00| 0 spa d
040 ## - FUENTE DE LA CATALOGACIÓN
Centro/agencia transcriptor Nr
082 ## - NÚMERO DE LA CLASIFICACIÓN DECIMAL DEWEY
Número de clasificación 788
Número de documento/Ítem Y15f
100 ## - ENTRADA PRINCIPAL--NOMBRE DE PERSONA
Código de función/relación Yamaha
Término indicativo de función/relación Casa musical
245 ## - MENCIÓN DE TÍTULO
Título Fliscornio alto
Resto del título con estuche negro
Mención de responsabilidad, etc. Yamaha
300 ## - DESCRIPCIÓN FÍSICA
Material acompañante/anejo con estuche
500 ## - NOTA GENERAL
Nota general Buen estado
650 ## - PUNTO DE ACCESO ADICIONAL DE MATERIA--TÉRMINO DE MATERIA
Fuente del encabezamiento o término Instrumento musical
Subdivisión de forma Aerófono
700 ## - PUNTO DE ACCESO ADICIONAL--NOMBRE DE PERSONA
Código de función/relación Yamaha
Término indicativo de función/relación casa musical
942 ## - ELEMENTOS DE PUNTO DE ACCESO ADICIONAL (KOHA)
Fuente del sistema de clasificación o colocación
Tipo de ítem Koha Instrumentos
Existencias
Estado de retiro Estado de pérdida Fuente del sistema de clasificación o colocación Estado dañado No para préstamo Código de colección Localización permanente Ubicación/localización actual Fecha de adquisición Número de inventario Total de préstamos Signatura topográfica completa Código de barras Fecha visto por última vez Fecha del último préstamo Número de copia Precio válido a partir de Tipo de ítem Koha Nota pública
          Instrumentos Musicales ALMACEN INSTRUMENTOS ALMACEN INSTRUMENTOS 30/09/2017 42874 2 788 Y15f 42874 08/05/2026 15/05/2025 Ej 1 19/05/2020 Instrumentos Préstamo 5 horas

© Todos los derechos reservados para la Biblioteca Pública Municipal San Juan Bosco, 2020
Secretaria de Cultura de Mosquera
Carrera 3 N° 10 Esquina Centro Cultural Barrio El Carmén Teléfono: 8270830 Ext: 34
Funcionando con KOHA
Contacto: Biblioteca Pública Municipal San Juan Bosco/ bibliotecasanjuanbosco@mosquera-cundinamarca.gov.co
Mosquera, Cundinamarca